00509 2200205 4500001002100000005001500021008004100036020002200077035001900099041000700118082001000125090001600135100002100151700002400172245002000196250001000216260003100226300002500257650002100282INLIS00000000002480720241224131809241224||||||||| | ||| |||| || |  a987-623-206-029-6 0010-1224024807 aid0 a741.5 a741.5 RIR h0 apenyunting: Hari0 aRirin Astutiningrum00aHore aku bebas! acet.1 aSolobTiga Serangkaic2019 a36 hlm.:ilus.;19 cm. 0acerita bergambar